| 000 | 00509nam a22001577a 4500 | ||
|---|---|---|---|
| 003 | NUST | ||
| 038 | _aNusrat Nadeem | ||
| 082 | _a200 | ||
| 100 |
_aShahid, Waleed Bin _9124440 |
||
| 245 |
_aThwarting and Analyzing Web Application Attacks Through Cyber Deception/ _cWaleed Bin Shahid |
||
| 300 |
_a114,p; _bill; _c30,cm. |
||
| 650 |
_aPh.D-Information Security _9124437 |
||
| 700 |
_a Supervisor: Dr. Baber Aslam _9124441 |
||
| 856 | _uhttp://10.250.8.41:8080/xmlui/handle/123456789/30646 | ||
| 942 |
_2ddc _cSC |
||
| 999 |
_c610300 _d610300 |
||